Statistics for Popular TV Shows by Poster IV

Click here to take the quiz!

General Stats

  • This quiz has been taken 78 times
  • The average score is 8 of 16

Answer Stats

Answer% Correct
SpongeBob SquarePants
99%
The Simpsons
99%
Stranger Things
82%
How I Met Your Mother
76%
Prison Break
65%
The Handmaid's Tale
61%
Narcos
43%
Criminal Minds
42%
Yellowstone
42%
Band of Brothers
35%
Cops
34%
George Lopez
28%
The White Lotus
28%
Fear Factor
27%
The Eric Andre Show
18%
Letterkenny
15%

Score Distribution

Percentile by Number Answered

Percent of People with Each Score

Your Score History

You have not taken this quiz